Optimization software guide /
Guardado en:
| Autor Principal: | |
|---|---|
| Otros Autores: | |
| Formato: | Libro |
| Idioma: | English |
| Publicado: |
Philadelphia :
Society for Industrial and Applied Mathematics,
1993.
|
| Series: | Frontiers in applied mathematics ;
14 |
| Materias: | |
| Etiquetas: |
Agregar Etiqueta
Sin Etiquetas, Sea el primero en etiquetar este registro!
|
| LEADER | 00979cam a22002535a 4500 | ||
|---|---|---|---|
| 001 | EIQ.libpla000306 | ||
| 008 | 931005s1993####paua#####b####000#0#eng#d | ||
| 005 | 20060511193508.0 | ||
| 245 | 1 | 0 | |a Optimization software guide / |c Jorge J. Moré, Stephen J. Wright. |
| 260 | |a Philadelphia : |b Society for Industrial and Applied Mathematics, |c 1993. | ||
| 300 | |a xii, 154 p. : |b il. ; |c 26 cm. | ||
| 440 | 0 | |a Frontiers in applied mathematics ; |v 14 | |
| 504 | |a Incluye referencias bibliográficas (p. 153-154). | ||
| 020 | |a 0898713226 | ||
| 100 | 1 | |a Moré, Jorge J. | |
| 700 | 1 | |a Wright, Stephen J., |d 1960- | |
| 082 | 0 | 0 | |a 519.3/0285/53 |2 20 |
| 650 | 4 | |a Optimización matemática |x Procesamiento de datos. | |
| 650 | 4 | |a Cálculo numérico |x Procesamiento de datos. | |
| 650 | 0 | |a Mathematical optimization |x Data processing. | |
| 650 | 0 | |a Numerical calculations |x Data processing. | |
| 010 | |a 93033771 | ||
| 040 | |a DLC |c DLC |d AR-BbSID | ||
| 859 | |a AR-BbSID |b BIB. PLAPIQUI |h 519.3 |i More 813 |p 4409 | ||
